00434nam a2200157Ia 4500008004100000020001500041082001700056100002400073245003600097250000800133260004500141300002900186500001900215600002700234650001500261240925s9999 xx 000 0 und d a9814035068 a621.3822 OPP aOppenheim ,Alan V. 0aDiscrete-Time Signal Processing a2nd aNew Jersey:bPrintice- Hall Int.c,1998. aviii,501p.bNafOriginal aIncludes Index aEngineering Technology aTechnology